| 000 | 00578nam a2200217 a 4500 | ||
|---|---|---|---|
| 001 | BRCA_5775 | ||
| 005 | 20190320205218.0 | ||
| 008 | 090311t1926----gw-a######---#000-0#ger-# | ||
| 041 | _ager | ||
| 044 | _agw | ||
| 050 | 4 |
_aZA546 _b.S36 _c1926 |
|
| 100 | 1 |
_aSchmidit, Hans _914651 |
|
| 245 | 1 | 0 | _aDas Arbeiten mit Filmen Band G. |
| 260 |
_aBerlin _bGuido Hackebeil. _c1926 |
||
| 300 |
_a133 p. _bils. _c17 cm. |
||
| 500 | _aEdición con puntas doradas en las pastas. | ||
| 500 | _aH77 | ||
| 650 | 1 | 4 |
_aRecursos de Información _zBerlin _914652 |
| 902 | _aGFM | ||
| 942 |
_2lcc _cB |
||
| 999 |
_c5464 _d5464 |
||